| 000 | 00342nam a22001217a 4500 | ||
|---|---|---|---|
| 008 | 230703b xxu||||| |||| 00| 0 eng d | ||
| 082 |
_a342.16 _bIPU 1984 |
||
| 245 | _aConstitutional and Parliamentary Information | ||
| 260 |
_bAssociation of Secretaries General of Parliaments _c1984 |
||
| 300 | _a158p | ||
| 440 | _n139-140 | ||
| 942 |
_2ddc _cBK |
||
| 999 |
_c3466 _d3466 |
||